[Event "POL-chT3 Kujawsko Pomorskie 1516"]
[Site "Poland"]
[Date "2016.01.10"]
[Round "4"]
[White "Gawronski, Miroslaw"]
[Black "Szybowicz, Piotr"]
[Result "1/2-1/2"]
[WhiteElo "2136"]
[BlackElo "1903"]
[PlyCount "115"]
[EventDate "2015.11.08"]
[EventType "team-tourn"]
[EventRounds "9"]
[EventCountry "POL"]
[SourceTitle "EXT 2019"]
[Source "ChessBase"]
[SourceDate "2018.10.10"]
[SourceVersion "1"]
[SourceVersionDate "2018.10.10"]
[SourceQuality "1"]

1. d4 Nf6 2. Nf3 e6 3. Bf4 c5 4. e3 d5 5. Be2 Nc6 6. 0-0 Bd6 7. Bg5 0-0 8. c3 h6 9. Bh4 Qb6 10. b3 Ne4 11. Nfd2 f5 12. Nxe4 fxe4 13. f3 exf3 14. Bxf3 Bd7 15. Nd2 Ne7 16. Qe2 Rae8 17. Bh5 Rc8 18. Rxf8+ Rxf8 19. Rf1 Qd8 20. e4 cxd4 21. cxd4 Rxf1+ 22. Qxf1 Qf8 23. Qe2 Qc8 24. Qf3 Qf8 25. Bg3 Qxf3 26. gxf3 Bb4 27. Bf4 Bc3 28. Be3 Nc6 29. Bg4 Nb4 30. Kf2 Kf7 31. a3 Nc6 32. exd5 Nxd4 33. Ne4 Bb2 34. Nc5 Bc8 35. b4 Nf5 36. Bxf5 exf5 37. Nd3 Bxa3 38. Bxa7 f4 39. Bc5 g5 40. Ke2 Bf5 41. Ne5+ Kf6 42. Nc4 Bc1 43. Kd1 Bd3 44. d6 Ke6 45. Na5 Bb2 46. Nxb7 Bc3 47. Na5 g4 48. fxg4 f3 49. Nc6 Kd7 50. Nb8+ Ke6 51. d7 Bf6 52. Kd2 Bb5 53. Ke3 Bd8 54. Kxf3 Bc7 55. h4 Bd8 56. Bf8 Bxh4 57. Bxh6 Bd8 58. Bf4 1/2-1/2

[Event "POL-chT3 Kujawsko Pomorskie 1617"]
[Site "Poland"]
[Date "2016.??.??"]
[Round "3.21"]
[White "Gawronski, Miroslaw"]
[Black "Bieluszewski, Robert"]
[Result "1-0"]
[WhiteElo "2092"]
[BlackElo "1877"]
[PlyCount "101"]
[EventDate "2016.11.06"]
[EventType "team-tourn"]
[EventRounds "9"]
[EventCountry "POL"]
[SourceTitle "EXT 2018"]
[Source "ChessBase"]
[SourceDate "2017.10.13"]
[SourceVersion "1"]
[SourceVersionDate "2017.10.13"]
[SourceQuality "1"]

1. d4 d5 2. Nf3 c6 3. Bf4 Nf6 4. h3 g6 5. e3 Bg7 6. c4 0-0 7. Nc3 Bf5 8. Qb3 b6 9. Ne5 dxc4 10. Bxc4 e6 11. a4 Ne4 12. g4 Nxc3 13. gxf5 Nd5 14. fxe6 fxe6 15. Bg3 Bxe5 16. Bxe5 Nd7 17. Bd6 Re8 18. 0-0-0 N7f6 19. Be5 a6 20. Rdg1 b5 21. Bd3 Kf7 22. e4 Nb6 23. axb5 axb5 24. f4 Nfd7 25. Bd6 Nf6 26. Bc5 Na4 27. f5 Nxc5 28. fxg6+ hxg6 29. dxc5 Qd4 30. Kb1 Red8 31. Rd1 Qxc5 32. e5 Nh5 33. Rdf1+ Kg7 34. Bxg6 Qxe5 35. Rhg1 Kh8 36. Re1 Qd5 37. Qc3+ Ng7 38. Bc2 Rd7 39. Qf6 Rda7 40. Qh6+ Kg8 41. Qh7+ Kf8 42. Ref1+ Ke8 43. Qg8+ Kd7 44. Qxg7+ Kd6 45. Qg3+ Ke7 46. Qg7+ Kd6 47. Qxa7 Rxa7 48. Rd1 e5 49. h4 Kc5 50. Rxd5+ cxd5 51. Bg6 1-0

[Event "Wloclawek CC Classic 16th"]
[Site "Wloclawek "]
[Date "2016.??.??"]
[Round "3"]
[White "Gawronski, Miroslaw"]
[Black "Budnik, Mateusz"]
[Result "1-0"]
[WhiteElo "2136"]
[BlackElo "2053"]
[PlyCount "105"]
[EventDate "2016.04.??"]
[EventType "swiss"]
[EventRounds "7"]
[EventCountry "POL"]
[SourceTitle "EXT 2021"]
[Source "ChessBase"]
[SourceDate "2020.10.23"]
[SourceVersion "1"]
[SourceVersionDate "2020.10.23"]
[SourceQuality "1"]

1. d4 Nf6 2. Nf3 g6 3. Bf4 c5 4. e3 d6 5. h3 Bg7 6. Be2 0-0 7. 0-0 Nbd7 8. c4 Qb6 9. Qb3 Qxb3 10. axb3 a6 11. Rd1 b6 12. Nc3 Bb7 13. Ne1 Ne8 14. Nc2 a5 15. f3 Nc7 16. Bg3 Rfd8 17. Bh4 Kf8 18. d5 Na6 19. g4 Nb4 20. Ne1 Rab8 21. f4 Bc8 22. Rd2 Nf6 23. e4 h5 24. g5 Ne8 25. Kh2 Nc7 26. Ng2 e6 27. dxe6 Nxe6 28. Rf1 Nd4 29. Bd1 Re8 30. Bg3 f5 31. gxf6 Bxf6 32. f5 Be5 33. fxg6+ Kg7 34. Nh4 Be6 35. Nd5 Nxd5 36. Bxe5+ dxe5 37. cxd5 Bg8 38. Bxh5 Kh6 39. Bd1 Kg5 40. Kg3 Rf8 41. Rdf2 Rxf2 42. Rxf2 Kh6 43. Rf6 Kg7 44. Rd6 b5 45. Nf5+ Nxf5+ 46. exf5 c4 47. h4 cxb3 48. Bxb3 a4 49. Bc2 Rc8 50. f6+ Kh6 51. Rc6 Rxc6 52. dxc6 b4 53. f7 1-0

[Event "POL-chT3 Kujawsko Pomorskie 1617"]
[Site "Poland"]
[Date "2016.??.??"]
[Round "1.21"]
[White "Jaroch, Karol"]
[Black "Gawronski, Miroslaw"]
[Result "1-0"]
[WhiteElo "2236"]
[BlackElo "2092"]
[PlyCount "173"]
[EventDate "2016.11.06"]
[EventType "team-tourn"]
[EventRounds "9"]
[EventCountry "POL"]
[SourceTitle "EXT 2018"]
[Source "ChessBase"]
[SourceDate "2017.10.13"]
[SourceVersion "1"]
[SourceVersionDate "2017.10.13"]
[SourceQuality "1"]

1. e4 c6 2. Nc3 d5 3. Nf3 Bg4 4. h3 Bxf3 5. Qxf3 e6 6. Be2 dxe4 7. Nxe4 Nd7 8. 0-0 Ngf6 9. d4 Nxe4 10. Qxe4 Nf6 11. Qh4 Be7 12. Bd3 Qc7 13. c3 h6 14. Re1 0-0-0 15. Bf4 Bd6 16. Be5 Bxe5 17. Rxe5 g5 18. Qg3 Nd7 19. Re3 Qxg3 20. fxg3 Rhf8 21. Rf1 Rde8 22. Bc4 Kc7 23. Bb3 Kd6 24. g4 a6 25. Bc2 Re7 26. c4 f6 27. c5+ Kc7 28. b4 Kd8 29. Bb3 e5 30. d5 cxd5 31. Bxd5 Kc7 32. Be4 Rff7 33. Rc1 Nb8 34. b5 axb5 35. Rb3 Nc6 36. Rxb5 Nd8 37. Rcb1 Kc8 38. Bf5+ Kb8 39. Rd1 Nc6 40. Rd6 Rc7 41. Rb6 Ka7 42. Bg6 Rf8 43. Be4 Nd4 44. a4 Ne2+ 45. Kf2 Nc3 46. Bd3 e4 47. Bf1 f5 48. Rxh6 fxg4+ 49. Rbf6 Rxf6+ 50. Rxf6 gxh3 51. gxh3 Rxc5 52. Re6 Rf5+ 53. Ke1 Nxa4 54. Rxe4 Nc5 55. Rb4 b6 56. Rb1 Kb7 57. Kd2 Kc6 58. Ke3 Re5+ 59. Kd4 Re4+ 60. Kc3 Rh4 61. Bg2+ Kc7 62. Rf1 Ne6 63. Rf5 Rf4 64. Re5 Kd6 65. Rd5+ Ke7 66. Rb5 Nc5 67. Rb1 Rf2 68. Bf1 Kd7 69. Kd4 Kc7 70. Ke3 Rc2 71. Kf3 Rc3+ 72. Kg4 Ne4 73. Re1 Nf2+ 74. Kxg5 Nxh3+ 75. Kf5 Nf2 76. Ke5 Ng4+ 77. Kd4 Rc6 78. Re7+ Kd8 79. Ra7 Rd6+ 80. Ke4 Nf6+ 81. Ke5 Rc6 82. Bg2 Nd7+ 83. Kd5 Rc2 84. Kd6 Kc8 85. Bd5 Rc5 86. Be6 Rc1 87. Ra8+ 1-0

[Event "Wloclawek CC Classic 14th"]
[Site "Wloclawek"]
[Date "2015.??.??"]
[Round "4"]
[White "Garbowski, Jerzy"]
[Black "Gawronski, Miroslaw"]
[Result "0-1"]
[WhiteElo "1649"]
[BlackElo "2100"]
[PlyCount "84"]
[EventDate "2015.06.??"]
[EventType "swiss"]
[EventRounds "7"]
[EventCountry "POL"]
[SourceTitle "EXT 2021"]
[Source "ChessBase"]
[SourceDate "2020.10.23"]
[SourceVersion "1"]
[SourceVersionDate "2020.10.23"]
[SourceQuality "1"]

1. e4 d6 2. d4 Nf6 3. Nc3 c6 4. Nf3 Qa5 5. Bd2 Qc7 6. h3 e5 7. a4 Be7 8. Be3 0-0 9. Bc4 b6 10. Qe2 Bb7 11. dxe5 dxe5 12. 0-0 a6 13. Bg5 b5 14. Bb3 Nbd7 15. Rfd1 Nc5 16. axb5 axb5 17. Nd2 Rad8 18. f3 Bc8 19. Be3 Nh5 20. Qf2 Nd7 21. Nf1 Nf4 22. Ng3 Bh4 23. Kh2 Nh5 24. Nce2 c5 25. Bd5 Ndf6 26. Nxh5 Bxf2 27. Nxf6+ gxf6 28. Bxf2 Be6 29. Bh4 Kg7 30. g4 Bxd5 31. exd5 Rfe8 32. Ng3 e4 33. d6 Qc6 34. Nh5+ Kg6 35. Nxf6 Re6 36. Nxe4 Rxe4 37. Ra6 Re2+ 38. Kg3 Qxa6 39. Bxd8 Qc8 40. Bb6 Qe6 41. Bd8 Qe5+ 42. Kh4 Rg2 0-1

[Event "Wloclawek CC Classic 14th"]
[Site "Wloclawek"]
[Date "2015.??.??"]
[Round "7"]
[White "Gawronski, Miroslaw"]
[Black "Krasucki, Piotr"]
[Result "1-0"]
[WhiteElo "2100"]
[BlackElo "1555"]
[PlyCount "115"]
[EventDate "2015.06.??"]
[EventType "swiss"]
[EventRounds "7"]
[EventCountry "POL"]
[SourceTitle "EXT 2021"]
[Source "ChessBase"]
[SourceDate "2020.10.23"]
[SourceVersion "1"]
[SourceVersionDate "2020.10.23"]
[SourceQuality "1"]

1. d4 d5 2. Nf3 Nf6 3. Bf4 Nbd7 4. e3 c6 5. h3 Qb6 6. Qc1 e6 7. a3 Be7 8. c4 c5 9. dxc5 Nxc5 10. Nbd2 a5 11. Be2 0-0 12. 0-0 a4 13. Rd1 Bd7 14. Ne5 Bc6 15. Qc2 Rfc8 16. Rac1 Nfe4 17. Nxe4 dxe4 18. Nxc6 Qxc6 19. f3 f6 20. fxe4 e5 21. Bh2 Nb3 22. Rb1 Bc5 23. Kf2 Rd8 24. Bg1 Qb6 25. Kf3 Qa5 26. Kg3 Nd2 27. Rbc1 Nb3 28. Rxd8+ Rxd8 29. Rd1 Rxd1 30. Qxd1 Nd2 31. Bd3 f5 32. exf5 e4 33. Bc2 Bd6+ 34. Kf2 Qxf5+ 35. Ke2 Nxc4 36. Qd4 Qb5 37. Bxe4 Nxb2+ 38. Kf2 Bxa3 39. Qd8+ Kf7 40. Bxh7 Be7 41. Qg8+ Kf6 42. g4 Nd1+ 43. Ke1 Bb4+ 44. Kxd1 Qf1+ 45. Kc2 Qe2+ 46. Kb1 Qd1+ 47. Kb2 Qd2+ 48. Bc2 Qc3+ 49. Kb1 Ba3 50. Qd8+ Kf7 51. Qd7+ Kf8 52. Qxb7 Bb4 53. Qa8+ Ke7 54. Qxa4 Qe1+ 55. Ka2 Bc3 56. Qa7+ Kd8 57. Qb6+ Ke7 58. Qc7+ 1-0

[Event "Wloclawek CC Classic 14th"]
[Site "Wloclawek"]
[Date "2015.??.??"]
[Round "3"]
[White "Gawronski, Miroslaw"]
[Black "Wisniewski, Przemyslaw"]
[Result "1-0"]
[WhiteElo "2100"]
[BlackElo "1992"]
[PlyCount "77"]
[EventDate "2015.06.??"]
[EventType "swiss"]
[EventRounds "7"]
[EventCountry "POL"]
[SourceTitle "EXT 2021"]
[Source "ChessBase"]
[SourceDate "2020.10.23"]
[SourceVersion "1"]
[SourceVersionDate "2020.10.23"]
[SourceQuality "1"]

1. d4 Nf6 2. Nf3 e6 3. Bf4 d5 4. e3 c5 5. Be2 Nc6 6. 0-0 Bd6 7. Bxd6 Qxd6 8. c4 0-0 9. Nc3 dxc4 10. Bxc4 cxd4 11. exd4 a6 12. a4 Rd8 13. Ne2 b6 14. Qd3 Bb7 15. Rfd1 Nb4 16. Qb3 Bd5 17. Ne5 a5 18. Rac1 Nd7 19. Qe3 Nxe5 20. dxe5 Qb8 21. Bb5 Qb7 22. Nf4 Rac8 23. Nh5 g6 24. Nf6+ Kg7 25. Qh3 h6 26. Rc3 Bxg2 27. Qg4 Rxd1+ 28. Qxd1 Rxc3 29. bxc3 Bh3 30. f3 Nd5 31. Ne8+ Kh7 32. c4 Ne3 33. Nf6+ Kg7 34. Qd8 h5 35. Qg8+ Kh6 36. Ne4 f5 37. exf6 Qc7 38. Qf8+ Kh7 39. Ng5# 1-0